| 000 | 00370nam a22001697a 4500 | ||
|---|---|---|---|
| 005 | 20160622114342.0 | ||
| 008 | 160622b xxu||||| |||| 00| 0 eng d | ||
| 020 | _a0-07-100606-0 | ||
| 041 | _aeng | ||
| 082 | _b8986 | ||
| 100 |
_aSenn, James A _92483 |
||
| 245 | _aAnalysis & Design of | ||
| 260 | _bTMH | ||
| 300 | _a843 | ||
| 650 |
_aManagement _9241 |
||
| 942 | _cBK | ||
| 999 |
_c3530 _d3529 |
||